A World of Three Zeros: (Record no. 190799)

MARC details
000 -LEADER
fixed length control field 00657nam a22001817a 4500
005 - DATE AND TIME OF LATEST TRANSACTION
control field 20220805111438.0
010 ## - LCCN (DPL NO)
LC control number ENG-134295
020 ## - INTERNATIONAL STANDARD BOOK NUMBER
International Standard Book Number 9789351952558
Terms of availability 499.00
035 ## - SYSTEM CONTROL NUMBER
System control number EN-117827
037 ## - SOURCE OF ACQUISITION
Source of stock number/acquisition DBAD/PUB
082 ## - DEWEY DECIMAL CLASSIFICATION NUMBER
Classification number 330
100 ## - MAIN ENTRY--PERSONAL NAME
Personal name Yunus, Muhammad
245 ## - TITLE STATEMENT
Title A World of Three Zeros:
Remainder of title The New Economics of zero Poverty, Zero Unemployment, and Zero Net Carbon Emissions/
Statement of responsibility, etc Muhammad Yunus
260 ## - PUBLICATION, DISTRIBUTION, ETC. (IMPRINT)
Place of publication, distribution, etc Gurugram
Name of publisher, distributor, etc Hachette Book Publishing India Pvt. Ltd
Date of publication, distribution, etc 2018
270 ## - ADDRESS
Address 4th & 5th Floors, Corporate Centre, Plot No. 94, Sector 44
City Gurugram
Postal code 122003
300 ## - PHYSICAL DESCRIPTION
Extent 288p.
Other physical details Index
Dimensions 22cm(pbk)
942 ## - ADDED ENTRY ELEMENTS (KOHA)
Source of classification or shelving scheme Dewey Decimal Classification
Item type English Books
Classification part 330
Call number suffix YUN
Holdings
Withdrawn status Lost status Not for loan Collection code Home library Current library Date acquired Source of acquisition Cost, normal purchase price Full call number Barcode Copy number Cost, replacement price Koha item type
      Non-fiction Bawana Bawana 05/08/2022 DBAD/PUB 499.00 330 YUN EN-117827 1 499.00 English Books

© Delhi Public Library
Hit Counter
free hit counter